Preparation and progress of the draft Solvency II
Solventnosť poisťovní. Projekt Európskej únie Solvency II. Porovnanie projektov Solvency I a Solvency II. Akčný plán finančných služieb a jeho priority. Hierarchia inštitúcií v Lamfalussyho legislatívnom procese. Úrovne Lamfalussyho legislatívneho procesu. Proces implementácie projektu Solvency II n...
Guardado en:
| Autor principal: | |
|---|---|
| Formato: | Capítulo de libro |
| Lenguaje: | eslovaco |
| Materias: | |
| Etiquetas: |
Sin Etiquetas, Sea el primero en etiquetar este registro!
|
MARC
| LEADER | 00000naa$a2200000$$$4500 | ||
|---|---|---|---|
| 001 | 0222881 | ||
| 005 | 20240502083553.8 | ||
| 041 | 0 | |a slo | |
| 044 | |a CZ | ||
| 245 | 1 | 0 | |a Preparation and progress of the draft Solvency II |c Daniela Katríková |
| 520 | |a Solventnosť poisťovní. Projekt Európskej únie Solvency II. Porovnanie projektov Solvency I a Solvency II. Akčný plán finančných služieb a jeho priority. Hierarchia inštitúcií v Lamfalussyho legislatívnom procese. Úrovne Lamfalussyho legislatívneho procesu. Proces implementácie projektu Solvency II na základe Lamfalussyho procesu. | ||
| 610 | 2 | 0 | |a poisťovníctvo |
| 610 | 2 | 0 | |a poisťovne |
| 610 | 2 | 0 | |a solventnosť |
| 610 | 2 | 0 | |a regulácia |
| 610 | 2 | 0 | |a legislatíva |
| 610 | 2 | 0 | |a služby finančné |
| 610 | 2 | 0 | |a Európska únia |
| 100 | 1 | |a Katríková, Daniela | |